[Event "Druzynowe Mistrzostwa Polski Juniorow 2019 - II Liga"]
[Site "Szczyrk"]
[Date "1899-12-30"]
[Round "2.57"]
[White "Pazdzierz, Piotr"]
[Black "Kubica, Dominik"]
[Result "1-0"]
[WhiteTitle "I"]
[BlackTitle "II+"]
[WhiteElo "1722"]
[BlackElo "1438"]

1. c4 c5 2. Nc3 Nc6 3. g3 d6 4. Bg2 Bd7 5. b3 g6 6. Bb2 Bg7 7. e3 Rb8 8. Nge2 Bg4
9. f3 Bf5 10. e4 Bd7 11. O-O Nd4 12. Rb1 Qa5 13. Kh1 Nxe2 14. Nxe2 Bxb2 15. Rxb2
b5 16. d3 Nf6 17. Qc1 O-O 18. f4 bxc4 19. dxc4 Qc7 20. Nc3 a5 21. h3 Kg7 22. g4
Rh8 23. g5 Nh5 24. Kg1 h6 25. Nd5 Qd8 26. f5 gxf5 27. gxh6+ Kf8 28. exf5 f6 29.
Nf4 Nxf4 30. Qxf4 Rh7 31. Bd5 Qc7 32. Qg3 Rh8 33. Qg7+ Ke8 34. Qxh8# 1-0

[Event "Druzynowe Mistrzostwa Polski Juniorow 2019 - II Liga"]
[Site "Szczyrk"]
[Date "1899-12-30"]
[Round "2.58"]
[White "Zaborski, Igor"]
[Black "Mocko, Maciej"]
[Result "1-0"]
[WhiteTitle "II"]
[BlackTitle "II"]
[WhiteElo "1372"]
[BlackElo "1385"]

1. d4 f5 2. Bg5 Nf6 3. Bxf6 exf6 4. e3 d5 5. Bd3 Be6 6. Ne2 Bd6 7. Nbc3 c6 8. g3
O-O 9. Nf4 Qd7 10. h4 Bf7 11. Qf3 Na6 12. a3 Nc7 13. O-O-O b5 14. Rdg1 a5 15.
g4 fxg4 16. Rxg4 Bxf4 17. Qxf4 Ne6 18. Qh2 Bh5 19. Rg3 b4 20. Nb1 Qe7 21. Rhg1
Ra7 22. Bf5 Kh8 23. Qg2 Rg8 24. a4 g6 25. Bg4 Ng7 26. Nd2 Re8 27. Nb3 Qe4 28.
Qh2 Nf5 29. Nc5 Qe7 30. Bxf5 gxf5 31. Qg2 Qf8 32. Nd3 Raa8 33. b3 Qh6 34. Nf4
Bg4 35. Qh2 Rg8 36. h5 Rae8 37. Qg2 Rg5 38. Kd2 Bxh5 39. Rh1 Reg8 40. Rxh5 Rxg3
41. Qxg3 Qf8 42. Qh3 Qe7 43. Qxf5 1-0

[Event "Druzynowe Mistrzostwa Polski Juniorow 2019 - II Liga"]
[Site "Szczyrk"]
[Date "1899-12-30"]
[Round "2.59"]
[White "Libura, Julianna"]
[Black "Lajdamik, Anna"]
[Result "1/2-1/2"]
[WhiteTitle "I"]
[BlackTitle "I"]
[WhiteElo "1591"]
[BlackElo "1324"]

1. d4 d5 2. Nf3 Bf5 3. e3 e6 4. Bd3 Bg6 5. O-O Bd6 6. c4 c6 7. c5 Bc7 8. Nc3 Nd7
9. e4 dxe4 10. Bxe4 Ngf6 11. Bg5 O-O 12. Bxg6 hxg6 13. Re1 Re8 14. Qb3 Qb8 15.
Rad1 Nd5 16. Nxd5 cxd5 17. Qb5 Nf6 18. Bxf6 gxf6 19. Re3 Qc8 20. b4 a6 21. Qd3
Bf4 22. Ree1 Qc6 23. Qb3 b5 24. cxb6 Qxb6 25. g3 Bh6 26. Re2 Rec8 27. Ne1 Rc4
28. Nc2 Bf8 29. Rb1 Rb8 30. a3 Rbc8 31. Rd2 Rc3 32. Qa4 Qc7 33. Ne3 Bh6 34. Re2
Qb6 35. Rd1 Bf8 1/2-1/2

[Event "Druzynowe Mistrzostwa Polski Juniorow 2019 - II Liga"]
[Site "Szczyrk"]
[Date "1899-12-30"]
[Round "2.60"]
[White "Jaros, Emilia"]
[Black "Anyz, Monika"]
[Result "0-1"]
[WhiteTitle "I"]
[BlackTitle "I+"]
[WhiteElo "1112"]
[BlackElo "1404"]

1. e4 c5 2. Nf3 g6 3. Nc3 Bg7 4. d4 cxd4 5. Nxd4 Nc6 6. Be3 Nf6 7. f3 O-O 8. Qd2
d5 9. O-O-O dxe4 10. Nxc6 Qxd2+ 11. Rxd2 bxc6 12. Nxe4 Nd5 13. Bg5 f6 14. Bxf6
exf6 15. Kb1 Rb8 16. c4 Nb6 17. b3 Bf5 18. Kc2 Rfd8 19. Bd3 Bxe4 20. Bxe4 Rxd2+
21. Kxd2 c5 22. g4 Bh6+ 23. Ke2 Re8 24. Kf2 Rd8 25. Re1 Rd2+ 26. Re2 Rxe2+ 27.
Kxe2 Kf7 28. a4 a5 29. h4 Bf4 30. Kf2 Ke6 31. Ke2 f5 32. Bb7 Ke5 33. Kd3 fxg4
34. fxg4 Bg3 35. h5 Kf4 36. Be4 Kg5 37. hxg6 hxg6 38. Bf3 Nd7 39. Ke4 Nf6+ 40.
Ke3 Nxg4+ 41. Ke4 Nf6+ 42. Ke3 Kh4 43. Bd1 Kh3 44. Bc2 g5 45. Bf5+ g4 46. Kd3
Kh2 47. b4 cxb4 48. c5 Bc7 49. c6 g3 50. Kc4 g2 51. Kb5 g1=Q 52. Bd3 Qd4 53. Bf1
Ne8 54. Bc4 Qb6# 0-1

[Event "Druzynowe Mistrzostwa Polski Juniorow 2019 - II Liga"]
[Site "Szczyrk"]
[Date "1899-12-30"]
[Round "2.61"]
[White "Tustanowski, Mateusz"]
[Black "Wnek, Filip"]
[Result "0-1"]
[WhiteTitle "I++"]
[BlackTitle "I++"]
[WhiteElo "1948"]
[BlackElo "1749"]

1. e4 c5 2. Nf3 d6 3. d4 cxd4 4. Nxd4 Nf6 5. Nc3 a6 6. f4 e5 7. Nf3 Qc7 8. Be3
exf4 9. Bxf4 Be7 10. Bd3 Nbd7 11. Qd2 b5 12. O-O-O O-O 13. Nd5 Nxd5 14. exd5 Nb6
15. Bg5 Bb7 16. Qf4 Nxd5 17. Bxh7+ Kxh7 18. Qh4+ Kg8 19. Bxe7 Rac8 20. Rd2 Qxe7
21. Ng5 Nf6 22. Re1 Qd7 23. Re3 Rc4 24. Qe1 Qf5 25. h4 Rfc8 26. c3 Rf4 27. g4
Qxg4 28. Rde2 Bc6 29. Nxf7 Kxf7 30. Rg3 Rf1 31. Re7+ Kf8 32. Qxf1 Qxg3 33. Qe2
Qg1+ 0-1

[Event "Druzynowe Mistrzostwa Polski Juniorow 2019 - II Liga"]
[Site "Szczyrk"]
[Date "1899-12-30"]
[Round "2.62"]
[White "Budkiewicz, Magdalena"]
[Black "Kukula, Karol"]
[Result "1-0"]
[WhiteTitle "I++"]
[BlackTitle "I"]
[WhiteElo "1623"]
[BlackElo "1770"]

1. e4 c5 2. Nf3 d6 3. d4 cxd4 4. Nxd4 Nf6 5. Nc3 g6 6. Be2 Bg7 7. O-O Nc6 8. Be3
O-O 9. Nb3 Be6 10. f4 Qd7 11. Bf3 Bg4 12. h3 Bxf3 13. Qxf3 e5 14. f5 gxf5 15.
exf5 d5 16. Bg5 Ne4 17. Nxe4 dxe4 18. Qxe4 f6 19. Be3 Qf7 20. Nc5 Rfd8 21. Ne6
Rd7 22. Rad1 Re8 23. Qg4 Kh8 24. Qh4 Nd8 25. Nxg7 Rxd1 26. Nxe8 Rxf1+ 27. Kxf1
Qxe8 28. Qxf6+ Kg8 29. Bh6 Qb5+ 30. Kf2 Qb6+ 31. Qxb6 axb6 32. Kf3 Kf7 33. Be3
b5 34. Ke4 Kf6 35. g4 Nc6 36. c3 b4 37. g5+ Kf7 38. Bb6 bxc3 39. bxc3 Nb8 40.
Bc7 Nd7 41. Bxe5 1-0

[Event "Druzynowe Mistrzostwa Polski Juniorow 2019 - II Liga"]
[Site "Szczyrk"]
[Date "1899-12-30"]
[Round "2.63"]
[White "Pisarek, Jan"]
[Black "Rainer, Piotr"]
[Result "1-0"]
[WhiteTitle "I"]
[BlackTitle "I"]
[WhiteElo "1616"]
[BlackElo "1445"]

1. e4 c5 2. Nf3 Nc6 3. d4 cxd4 4. Nxd4 e5 5. Nb5 d6 6. c4 Nf6 7. N1c3 a6 8. Na3
Be7 9. Nc2 O-O 10. Be2 Be6 11. Be3 Rc8 12. O-O Na5 13. b3 b5 14. Nd5 Bxd5 15.
exd5 bxc4 16. b4 Nb7 17. Na3 a5 18. Nxc4 axb4 19. Rb1 Ne4 20. Rxb4 Nbc5 21. f3
Nc3 22. Qc2 Nxe2+ 23. Qxe2 f5 24. a4 Qc7 25. a5 Ra8 26. Ra1 Rfb8 27. Rb6 h6 28.
Rc6 Qd8 29. Bxc5 dxc5 30. Qxe5 Bf6 31. Qe6+ Kh8 32. Ne5 Qe8 33. Nf7+ 1-0

[Event "Druzynowe Mistrzostwa Polski Juniorow 2019 - II Liga"]
[Site "Szczyrk"]
[Date "1899-12-30"]
[Round "2.64"]
[White "Micula, Jakub"]
[Black "Duda, Leon"]
[Result "0-1"]
[WhiteTitle "II+"]
[BlackTitle "II"]
[WhiteElo "1320"]
[BlackElo "1272"]

1. e4 c5 2. Nf3 d6 3. d4 cxd4 4. Nxd4 Nf6 5. Nc3 g6 6. Be3 Bg7 7. f3 Nc6 8. Qd2
O-O 9. O-O-O d5 10. Nxc6 bxc6 11. exd5 Nxd5 12. Nxd5 cxd5 13. Qxd5 Qc7 14. Qxa8
Bf5 15. Qxf8+ Kxf8 16. Rd2 Be6 17. Kb1 f5 18. Be2 f4 19. Bd4 Qa5 20. Kc1 Qxa2
21. Bxg7+ Kxg7 22. Rdd1 Qa1+ 23. Kd2 Qxb2 24. Rhe1 Bf5 25. Bd3 Bxd3 26. Kxd3 e5
27. Rb1 Qd4+ 28. Ke2 a5 29. Red1 Qc4+ 30. Ke1 Qc7 31. Rd5 a4 32. Rbd1 Kh6 33.
Rd7 Qc3+ 34. Ke2 a3 35. Rb7 a2 36. g4 a1=Q 37. Rxa1 Qxa1 38. Re7 Qa6+ 39. Ke1
Qa3 40. g5+ Kxg5 41. Rxe5+ Kf6 42. Rb5 Qe3+ 43. Kd1 Qxf3+ 44. Ke1 Qh1+ 45. Ke2
f3+ 46. Kd2 Qxh2+ 47. Kc3 f2 48. Rb1 Qh3+ 49. Kd2 f1=Q 50. Rxf1+ Qxf1 51. c4 Qxc4
52. Ke3 Ke5 53. Kd2 Qb3 54. Kc1 Qa2 55. Kd1 Qb2 56. Ke1 Qc2 57. Kf1 Qd2 58. Kg1
Qe2 59. Kh1 Kf4 60. Kg1 Kg3 61. Kh1 Qg2# 0-1

[Event "Druzynowe Mistrzostwa Polski Juniorow 2019 - II Liga"]
[Site "Szczyrk"]
[Date "1899-12-30"]
[Round "2.65"]
[White "Pisarek, Elzbieta"]
[Black "Zablocka, Katarzyna"]
[Result "1-0"]
[WhiteTitle "I"]
[BlackTitle "I"]
[WhiteElo "1605"]
[BlackElo "1255"]

1. e4 e5 2. Nf3 Nc6 3. Bc4 Bc5 4. O-O Nf6 5. Qe2 d6 6. h3 O-O 7. Nc3 Qe7 8. d3
h6 9. Re1 Be6 10. Bxe6 fxe6 11. Na4 Nd7 12. Nxc5 Nxc5 13. c3 Qf6 14. Be3 Nd7 15.
d4 exd4 16. cxd4 a6 17. Rac1 Rac8 18. Qd3 Qg6 19. Nd2 d5 20. f3 Nb6 21. Qe2 Na7
22. Bf2 Rfe8 23. Nb3 Nd7 24. Na5 b5 25. Nc6 Nxc6 26. Rxc6 Nb8 27. Rc3 Qf7 28.
Bg3 Qd7 29. Rec1 c6 30. Qc2 dxe4 31. Qxe4 Red8 32. Be5 a5 33. Kh2 a4 34. a3 Kh8
35. Qg6 Rf8 36. Qxh6+ Kg8 37. Qg6 Qf7 38. Qxf7+ Rxf7 39. Bxb8 Rxb8 40. Rxc6 Rd7
41. Rd1 Kf7 42. Rc5 b4 43. Ra5 bxa3 44. bxa3 Rbd8 45. Rxa4 e5 46. d5 Rxd5 47.
Ra7+ Kf6 48. Rxd5 Rxd5 49. a4 Rd4 50. a5 Ra4 51. a6 g6 52. Kg3 g5 53. Ra8 Kf7
54. a7 Kg7 55. Kf2 Ra3 56. Ke2 Ra2+ 57. Kd3 Ra4 58. Kc3 Ra3+ 59. Kb4 Ra2 60. Kc5
Ra5+ 61. Kb6 Ra2 62. Re8 Rb2+ 63. Kc5 Rc2+ 64. Kb4 Rxg2 65. a8=Q Rb2+ 66. Kc3
Rb5 67. Qa7+ Kg6 68. Re6+ Kf5 69. Qf7# 1-0

[Event "Druzynowe Mistrzostwa Polski Juniorow 2019 - II Liga"]
[Site "Szczyrk"]
[Date "1899-12-30"]
[Round "2.66"]
[White "Gaczol, Julia"]
[Black "Bialek, Alicja"]
[Result "1/2-1/2"]
[WhiteTitle "I"]
[BlackTitle "I"]
[WhiteElo "1338"]
[BlackElo "1367"]

1. e4 c5 2. Nf3 d6 3. d4 cxd4 4. Nxd4 Nf6 5. Nc3 g6 6. g3 Bg7 7. Bg2 Nc6 8. Nde2
Bd7 9. O-O Qc8 10. Be3 Bh3 11. Qd2 Bxg2 12. Kxg2 Ne5 13. b3 Ned7 14. Rad1 Nc5
15. f3 h5 16. h4 Qc6 17. Nd4 Qd7 18. Nd5 Rc8 19. Bg5 Nxd5 20. exd5 O-O 21. Bh6
e5 22. dxe6 Nxe6 23. Bxg7 Kxg7 24. c4 Rfd8 25. Nb5 a6 26. Qb2+ Kg8 27. Nxd6 Rc6
28. Nf5 Qe8 29. Rxd8 Qxd8 30. Ne3 Rd6 31. Rf2 Nc5 32. Qc2 Nd3 33. Re2 Ne1+ 34.
Rxe1 Rd2+ 35. Re2 Rxc2 36. Rxc2 Qd3 37. Kf2 f5 38. Re2 Qd4 39. f4 a5 40. Rc2 Qc5
41. Ke2 a4 42. bxa4 Qa3 43. Kd2 Qxa4 44. Rb2 Qc6 45. Ke2 Qh1 46. Kd3 Qf3 47. Rg2
Kf7 48. Kd2 Ke6 49. Re2 1/2-1/2

[Event "Druzynowe Mistrzostwa Polski Juniorow 2019 - II Liga"]
[Site "Szczyrk"]
[Date "1899-12-30"]
[Round "2.67"]
[White "Derylo, Kamil"]
[Black "Lichorad, Mateusz"]
[Result "1/2-1/2"]
[WhiteTitle "I+"]
[BlackTitle "I"]
[WhiteElo "2030"]
[BlackElo "1801"]

1. e4 c5 2. Nf3 e6 3. d4 cxd4 4. Nxd4 Nc6 5. Nc3 Qc7 6. Be2 a6 7. O-O Nf6 8. Be3
Be7 9. f4 d6 10. Qe1 Nxd4 11. Bxd4 O-O 12. Qg3 b5 13. a3 Bb7 14. Kh1 Rad8 15.
Rae1 Bc6 16. Bd3 Qb7 17. Nd1 Rd7 18. Nf2 Rfd8 19. Ng4 Nxg4 20. Qxg4 Bf8 21. Bf6
Re8 22. f5 g6 23. fxg6 fxg6 24. e5 dxe5 25. Rxe5 Bg7 26. Bxg7 Kxg7 27. Re2 e5
28. Be4 Bxe4 29. Rxe4 Qd5 30. Ree1 Qe6 31. Qg5 e4 32. Qe3 Qe5 33. c3 Re6 1/2-1/2

[Event "Druzynowe Mistrzostwa Polski Juniorow 2019 - II Liga"]
[Site "Szczyrk"]
[Date "1899-12-30"]
[Round "2.68"]
[White "Kupiecki, Szymon"]
[Black "Derylo, Adam"]
[Result "1-0"]
[WhiteTitle "I"]
[BlackTitle "I"]
[WhiteElo "1573"]
[BlackElo "1460"]

1. e4 c5 2. Nf3 Nc6 3. d4 cxd4 4. Nxd4 g6 5. Nc3 Bg7 6. Be3 Nf6 7. Bc4 O-O 8. f3
Na5 9. Bb3 Nxb3 10. Nxb3 b6 11. Qd2 Ba6 12. Bh6 Qc7 13. Bxg7 Kxg7 14. O-O-O Bc4
15. h4 h5 16. Qd4 Qf4+ 17. Kb1 Be6 18. Ne2 Qc7 19. Rdf1 Rfc8 20. Nc3 Qf4 21. Qf2
d5 22. g3 Qc7 23. exd5 Nxd5 24. Nxd5 Bxd5 25. Qd4+ Kg8 26. Qxd5 Qxc2+ 27. Ka1
Rd8 28. Qe5 a5 29. Rc1 Qd3 30. Rce1 a4 31. Nc1 Qc4 32. Qe4 Qc7 33. Qxe7 Rd7 34.
Qe5 Qc2 35. Qe4 Qc8 36. a3 b5 37. Nd3 Qa6 38. Nc5 1-0

[Event "Druzynowe Mistrzostwa Polski Juniorow 2019 - II Liga"]
[Site "Szczyrk"]
[Date "1899-12-30"]
[Round "2.69"]
[White "Derylo, Maksymilian"]
[Black "Krawczyk, Flawian"]
[Result "0-1"]
[WhiteTitle "II"]
[BlackTitle "I"]
[WhiteElo "1357"]
[BlackElo "1848"]

1. e4 c5 2. Nf3 d6 3. d4 cxd4 4. Nxd4 Nf6 5. Nc3 a6 6. Be3 e5 7. Nf3 Qc7 8. Qd2
Be7 9. Be2 b5 10. Bg5 Nbd7 11. O-O h6 12. Bxf6 Nxf6 13. Rfe1 O-O 14. Rad1 Be6
15. Nd5 Nxd5 16. exd5 Bd7 17. Nxe5 Bg5 18. f4 Bxf4 19. Qxf4 dxe5 20. Qe4 f5 21.
Qd3 Qd6 22. c4 bxc4 23. Qxc4 Rfc8 24. Qd3 Rc5 25. Qa3 Qb6 26. Kh1 e4 27. Rc1 Rxc1
28. Rxc1 f4 29. Bc4 f3 30. gxf3 Rf8 31. fxe4 Bg4 32. Be2 Bxe2 33. Qc5 Qg6 0-1

[Event "Druzynowe Mistrzostwa Polski Juniorow 2019 - II Liga"]
[Site "Szczyrk"]
[Date "1899-12-30"]
[Round "2.70"]
[White "Chmiel, Pawel"]
[Black "Zhydachevskyy, Yulian"]
[Result "0-1"]
[WhiteTitle "II"]
[BlackTitle "II"]
[WhiteElo "1367"]
[BlackElo "1292"]

1. e4 e5 2. Nf3 Nc6 3. Bc4 Bc5 4. O-O Nf6 5. d3 d6 6. c3 Bg4 7. a4 a5 8. Qb3 O-O
9. Qxb7 Rb8 10. Qxc6 Rb6 11. Qxb6 Bxb6 12. Nbd2 c6 13. b4 d5 14. exd5 cxd5 15.
Bb5 Bxf3 16. Nxf3 e4 17. dxe4 dxe4 18. Ne5 axb4 19. Nc6 Qd6 20. cxb4 Ng4 21. g3
Bxf2+ 22. Rxf2 Nxf2 23. Kxf2 Qf6+ 24. Kg2 Qxa1 25. Be3 Kh8 26. h4 Rc8 27. Bd4
Qa2+ 28. Kh3 Qe6+ 29. Kg2 Rxc6 30. Bxc6 Qxc6 0-1

[Event "Druzynowe Mistrzostwa Polski Juniorow 2019 - II Liga"]
[Site "Szczyrk"]
[Date "1899-12-30"]
[Round "2.71"]
[White "Laszczuk, Zuzanna"]
[Black "Kulpa, Zuzanna"]
[Result "0-1"]
[WhiteTitle "I"]
[BlackTitle "I++"]
[WhiteElo "1323"]
[BlackElo "1802"]

1. e4 c5 2. d3 Nc6 3. g3 Nf6 4. Bg2 d5 5. Nd2 g6 6. Ne2 Bg7 7. O-O O-O 8. h3 h6
9. f4 e5 10. f5 Nd4 11. g4 g5 12. Ng3 Rb8 13. c3 Nc6 14. Qe2 b5 15. Nf3 Ba6 16.
Rd1 b4 17. Qe1 Qb6 18. Be3 d4 19. Bf2 bxc3 20. bxc3 Qc7 21. Qd2 Rfd8 22. c4 Rb6
23. Nf1 Rdb8 24. Qc1 Rb2 25. N1d2 R2b4 26. Nb3 Qe7 27. Be1 R4b6 28. Qd2 Bc8 29.
Qf2 Nb4 30. Bxb4 Rxb4 31. Qg3 Nd7 32. Ne1 R4b6 33. Nf3 Rb4 34. Ne1 R4b6 35. Nf3
Ra6 36. Kf2 Bf6 37. Rh1 Nf8 38. h4 gxh4 39. Nxh4 Bxh4 40. Rxh4 Rxb3 41. axb3 Rxa1
42. Rh5 Nh7 43. Qh2 Ra6 44. g5 Nxg5 45. Rxh6 Rxh6 46. Qxh6 f6 47. Qg6+ Kf8 48.
Bf1 Qg7 49. Qh5 Qh7 50. Qxh7 Nxh7 51. Be2 Kg7 52. Kg3 Kh6 53. Kh4 Bd7 54. Bd1
Be8 55. Be2 a6 56. Bd1 a5 57. Bc2 Bh5 58. Kg3 Kg5 59. Kf2 Kf4 60. Ke1 Ke3 61.
Bb1 Be2 0-1

[Event "Druzynowe Mistrzostwa Polski Juniorow 2019 - II Liga"]
[Site "Szczyrk"]
[Date "1899-12-30"]
[Round "2.72"]
[White "Kulpa, Karolina"]
[Black "Majewska, Zuzanna"]
[Result "1/2-1/2"]
[WhiteTitle "I"]
[BlackTitle "II"]
[WhiteElo "1273"]
[BlackElo "1000"]

1. d4 d5 2. c4 e6 3. Nc3 Nf6 4. Nf3 Be7 5. Bg5 Nbd7 6. e3 b6 7. Bd3 dxc4 8. Bxc4
h6 9. Bh4 Bb7 10. h3 c5 11. dxc5 Bxc5 12. O-O O-O 13. Qe2 Qc7 14. Bg3 Qc8 15.
Rfd1 a6 16. Rac1 Qc6 17. Ne1 Rfd8 18. Qf3 Nf8 19. Qxc6 Bxc6 20. Rxd8 Rxd8 21.
Bxa6 Ng6 22. Bc4 Ne4 23. Nd3 Bxe3 24. Re1 Nxg3 25. Rxe3 Nf5 26. Re1 Rd6 27. Nb5
Bxb5 28. Bxb5 Nd4 29. Ba6 Nc6 30. Rc1 Nce5 31. Nxe5 Nxe5 32. Rc8+ Kh7 33. Rc2
g5 34. Be2 f5 35. Kh2 Kg6 36. b3 1/2-1/2

[Event "Druzynowe Mistrzostwa Polski Juniorow 2019 - II Liga"]
[Site "Szczyrk"]
[Date "1899-12-30"]
[Round "2.73"]
[White "Twardowski, Hubert"]
[Black "Niemier, Hubert"]
[Result "1/2-1/2"]
[WhiteTitle "I"]
[BlackTitle "I"]
[WhiteElo "1830"]
[BlackElo "1764"]

1. e4 c6 2. d4 d5 3. exd5 cxd5 4. c4 Nf6 5. Nc3 e6 6. Nf3 Be7 7. c5 O-O 8. a3 b6
9. cxb6 Qxb6 10. Bd3 Nc6 11. O-O Ba6 12. b4 Bxd3 13. Qxd3 a6 14. Bf4 Nh5 15. Be3
g6 16. Rfc1 Rfc8 17. Na4 Qb7 18. Rab1 Na7 19. Nc5 Qb5 20. Qd2 Ng7 21. a4 Qb6 22.
Ne5 Bxc5 23. bxc5 Qd8 24. Rb6 f6 25. Ng4 Nc6 26. Bf4 Nf5 27. Nh6+ Nxh6 28. Bxh6
Qd7 29. f4 Ne7 30. g4 Rc6 31. Rcb1 Kf7 32. Rb7 Rc7 33. Rxc7 Qxc7 34. Qb4 Nc6 35.
Qb7 Rc8 36. Qxa6 Rb8 37. Rxb8 Qxb8 38. Qb6 Qxb6 39. cxb6 Ke7 40. Kf2 Kd7 41. Bg7
Nxd4 42. Bxf6 Nb3 43. Ke3 Kc6 44. Bd8 Nc5 45. Kd4 Nxa4 46. Ke5 Nxb6 47. Kxe6 d4
48. f5 gxf5 49. gxf5 h6 50. Bh4 d3 51. Be1 Nd5 52. Bd2 Nc7+ 53. Ke7 Nd5+ 54. Ke6
Nc7+ 55. Ke5 Kd7 56. Bxh6 Ke7 57. Bg5+ Kf7 58. Kd4 Ne8 59. Kxd3 Nd6 60. Ke3 Nxf5+
61. Kf4 Kg6 62. Ke4 1/2-1/2

[Event "Druzynowe Mistrzostwa Polski Juniorow 2019 - II Liga"]
[Site "Szczyrk"]
[Date "1899-12-30"]
[Round "2.74"]
[White "Chaczynski, Kamil"]
[Black "Trzebinski, Patryk"]
[Result "0-1"]
[WhiteTitle "I"]
[BlackTitle "I"]
[WhiteElo "1738"]
[BlackElo "1679"]

1. e4 d5 2. exd5 Nf6 3. d4 Nxd5 4. c4 Nb6 5. Nc3 e5 6. Be3 exd4 7. Qxd4 Qxd4 8.
Bxd4 Nc6 9. Be3 Be6 10. b3 O-O-O 11. Nge2 Be7 12. Nf4 Bf6 13. Rc1 Bf5 14. Be2
Nb4 15. Bxb6 Nc2+ 16. Kf1 Bxc3 17. Bxc7 Kxc7 18. Nd5+ Rxd5 19. cxd5 Kd6 20. g4
Bd2 21. Rd1 Be4 22. f3 Ne3+ 23. Kf2 Nxd1+ 24. Rxd1 Bxf3 25. Kxf3 Ba5 26. Bd3 h6
27. Be4 Rc8 28. Bd3 Rc5 29. Be4 Rc3+ 30. Kg2 Ke5 31. Bf3 Rc2+ 32. Kg1 Kd6 33.
h4 Rxa2 34. g5 Bb6+ 35. Kh1 hxg5 36. hxg5 Rf2 37. Rd3 Bc5 38. Bg2 b5 39. g6 f6
40. Rd1 Rf5 41. Kh2 Rh5+ 42. Kg3 Rg5+ 43. Kf3 Rxd5 44. Rxd5+ Kxd5 45. Kf4+ Kd4
46. Kf5 Kc3 47. Bd5 a5 48. Ke6 Be3 49. Kd6 a4 50. bxa4 bxa4 0-1

[Event "Druzynowe Mistrzostwa Polski Juniorow 2019 - II Liga"]
[Site "Szczyrk"]
[Date "1899-12-30"]
[Round "2.75"]
[White "Malinowski, Szymon"]
[Black "Skrzypinski, Jan"]
[Result "1-0"]
[WhiteTitle "I"]
[BlackTitle "I"]
[WhiteElo "1657"]
[BlackElo "1400"]

1. d4 Nf6 2. Nf3 g6 3. Bg5 Bg7 4. Nbd2 d6 5. e4 O-O 6. c3 Nbd7 7. Bc4 e5 8. O-O
c6 9. Bb3 Qc7 10. Qe2 Re8 11. dxe5 dxe5 12. Rad1 Nc5 13. Bc2 Be6 14. b4 Ncd7 15.
Bb3 Bxb3 16. Nxb3 Nf8 17. Nc5 N6d7 18. Nxd7 Nxd7 19. Nd2 Nf8 20. Nc4 f6 21. Be3
Ne6 22. a4 Bf8 23. a5 Red8 24. Rxd8 Nxd8 25. Rd1 Ne6 26. g3 Kg7 27. Qg4 Qf7 28.
Nd6 Bxd6 29. Rxd6 Nf8 30. h4 h5 31. Qd1 a6 32. Qd2 Re8 33. Bh6+ Kg8 34. Bxf8 Kxf8
35. Rd7 Re7 36. Qd6 f5 37. Rxe7 Qxe7 38. Qxg6 fxe4 39. Qxe4 Qe6 40. Qf3+ Ke7 41.
Qxh5 Kd6 42. Qd1+ Ke7 43. Qd3 e4 44. Qd4 Kf7 45. Kg2 Qf5 46. Qe3 Kg6 47. f3 exf3+
48. Qxf3 Qc2+ 49. Kh3 1-0

[Event "Druzynowe Mistrzostwa Polski Juniorow 2019 - II Liga"]
[Site "Szczyrk"]
[Date "1899-12-30"]
[Round "2.76"]
[White "Kaczmarek, Jan"]
[Black "Dembicki, Karol"]
[Result "0-1"]
[WhiteTitle "II"]
[BlackTitle "II"]
[WhiteElo "1000"]
[BlackElo "1397"]

1. d4 d5 2. c4 Nf6 3. Nc3 c6 4. Qc2 Bg4 5. e3 e6 6. Bd3 Nbd7 7. Nge2 Qc7 8. b3
Be7 9. O-O O-O 10. f3 Bh5 11. e4 dxe4 12. fxe4 e5 13. d5 Nc5 14. Bb2 Bg6 15. Ng3
cxd5 16. Nxd5 Nxd5 17. cxd5 Rac8 18. Bc4 b5 19. Bd3 Qb6 20. Kh1 Nxe4 21. Qe2 Nxg3+
22. hxg3 Bxd3 23. Qxd3 Qh6+ 24. Kg1 Bc5+ 25. Rf2 Bxf2+ 26. Kxf2 Qd6 27. b4 Rfe8
28. Qe4 f5 29. Qxf5 Rf8 0-1

[Event "Druzynowe Mistrzostwa Polski Juniorow 2019 - II Liga"]
[Site "Szczyrk"]
[Date "1899-12-30"]
[Round "2.77"]
[White "Filipska, Maja"]
[Black "Niemier, Martyna"]
[Result "1-0"]
[WhiteTitle "I++"]
[BlackTitle "II"]
[WhiteElo "1602"]
[BlackElo "1163"]

1. e4 e6 2. d4 d5 3. exd5 exd5 4. Bd3 Nc6 5. c3 Bd6 6. Nf3 Nf6 7. O-O O-O 8. Bg5
h6 9. Bh4 Bg4 10. Nbd2 Ne7 11. Qc2 g5 12. Bg3 Bxg3 13. fxg3 Nc6 14. b4 a6 15.
a4 Nd7 16. Bf5 Bxf5 17. Qxf5 Nb6 18. h4 gxh4 19. gxh4 Qd6 20. Nh2 Qg6 21. a5 Qxf5
22. Rxf5 Ne7 23. Rf2 Nd7 24. Re1 Rae8 25. Rfe2 Kh7 26. Rxe7 Rd8 27. Ng4 h5 28.
Rxd7 Rxd7 29. Nf6+ Kg6 30. Nxd7 f5 31. Nxf8+ Kf7 32. Nd7 f4 33. Kf2 f3 34. Nxf3
c5 35. bxc5 b6 36. cxb6 Kg7 37. b7 Kh7 38. b8=Q Kg7 39. Qf8+ Kh7 40. Re7+ Kg6
41. Qf6# 1-0

[Event "Druzynowe Mistrzostwa Polski Juniorow 2019 - II Liga"]
[Site "Szczyrk"]
[Date "1899-12-30"]
[Round "2.78"]
[White "Gac-mytych, Sara"]
[Black "Skolska, Emilia"]
[Result "1-0"]
[WhiteTitle "II"]
[BlackTitle "I"]
[WhiteElo "1043"]
[BlackElo "1359"]

1. e4 e5 2. Nf3 Nc6 3. Bc4 Bc5 4. c3 d6 5. d4 exd4 6. cxd4 Bb6 7. Bb5 a6 8. Ba4
Ba5+ 9. Nc3 b5 10. Bb3 Nf6 11. Bg5 h6 12. Bd2 Bb7 13. O-O O-O 14. Re1 Bb6 15.
Bf4 Na5 16. e5 dxe5 17. dxe5 Nxb3 18. axb3 Nh7 19. Rc1 g5 20. Bg3 f5 21. h3 f4
22. Bh2 h5 23. Qc2 Qe8 24. e6 g4 25. Rcd1 g3 26. Re5 Bc6 27. Rg5+ Nxg5 28. Nxg5
Qe7 29. Qg6+ Qg7 30. Qxh5 gxh2+ 31. Kxh2 Bxf2 32. e7 Qxe7 33. Qg6+ Qg7 34. Qe6+
Kh8 35. Qxc6 Qxg5 36. Ne4 Bg3+ 37. Kg1 Qh5 38. Rd7 Qe5 39. Qh6+ Kg8 40. Qh7# 1-0

[Event "Druzynowe Mistrzostwa Polski Juniorow 2019 - II Liga"]
[Site "Szczyrk"]
[Date "1899-12-30"]
[Round "2.79"]
[White "Grzegorski, Michal"]
[Black "Zabron, Maksym"]
[Result "0-1"]
[WhiteTitle "I"]
[BlackTitle "I+"]
[WhiteElo "1763"]
[BlackElo "1739"]

1. e4 c5 2. Nf3 e6 3. d4 cxd4 4. Nxd4 Nc6 5. Be3 Nf6 6. f3 d5 7. exd5 Nxd5 8. Nxc6
bxc6 9. Bf2 Rb8 10. c4 Rxb2 11. a3 Qa5+ 12. Nd2 Nc3 13. Qc1 Qe5+ 14. Ne4 Nxe4
15. fxe4 Qxe4+ 16. Qe3 Rb1+ 17. Rxb1 Qxb1+ 18. Ke2 Qa2+ 19. Ke1 Bxa3 20. Qd2 Qxd2+
21. Kxd2 Bb4+ 22. Kc2 c5 23. Bd3 Bb7 24. Ra1 a5 25. g4 O-O 26. h4 Rd8 27. g5 f5
28. gxf6 gxf6 29. Rg1+ Kf7 30. h5 Rg8 31. Bxh7 Rxg1 32. Bxg1 Bf3 33. Bg6+ Kg7
34. Be3 f5 35. Bf4 Kf6 36. Bc7 Kg5 37. Bf4+ Kxf4 38. h6 Bd1+ 39. Kxd1 Bc3 40.
Be8 e5 41. Ke2 e4 42. h7 Bf6 43. Bc6 Ke5 44. Ke3 f4+ 45. Ke2 Kd4 46. Bb5 f3+ 47.
Kf2 Kd3 48. Bc6 Bd4+ 49. Kf1 Ke3 50. Ba4 Kd2 0-1

[Event "Druzynowe Mistrzostwa Polski Juniorow 2019 - II Liga"]
[Site "Szczyrk"]
[Date "1899-12-30"]
[Round "2.80"]
[White "Kozubek, Krystian"]
[Black "Klaska, Szymon"]
[Result "1/2-1/2"]
[WhiteTitle "II+"]
[BlackTitle "III"]
[WhiteElo "1443"]
[BlackElo "1332"]

1. c4 e5 2. Nc3 Nf6 3. g3 d6 4. Bg2 Nc6 5. d3 Be7 6. e4 O-O 7. Nge2 Be6 8. O-O
Qd7 9. f4 Bh3 10. f5 Bxg2 11. Kxg2 Nd4 12. h3 Nxe2 13. Qxe2 c6 14. g4 h6 15. h4
Nh7 16. Rh1 f6 17. Be3 a6 18. Na4 Bd8 19. Nb6 Bxb6 20. Bxb6 d5 21. Be3 b5 22.
cxd5 cxd5 23. g5 hxg5 24. hxg5 Nxg5 25. Bxg5 fxg5 26. Rh5 dxe4 27. dxe4 Rad8 28.
Rxg5 Qd2 29. Qxd2 Rxd2+ 30. Kf3 Rxb2 31. Rag1 Rf7 32. Rg6 Rxa2 33. Re6 b4 34.
Re8+ Rf8 35. Rxe5 Rc8 36. Re7 Ra3+ 37. Kf4 Kf8 38. Rgxg7 b3 39. Rb7 Ra5 40. Rg3
Ra3 41. Rgxb3 Rxb3 42. Rxb3 a5 43. Ra3 Ra8 44. Ke5 Kf7 45. Ra4 Ke7 46. f6+ Kf7
47. Kf5 Rh8 48. Rd4 Rh5+ 49. Kg4 Re5 50. Kf4 Kxf6 51. Rd6+ Re6 52. e5+ Ke7 53.
Rd3 a4 54. Ra3 Ra6 55. Ke4 Ra5 56. Kd4 Ke6 57. Kc4 Rxe5 58. Rxa4 Re4+ 59. Kb3
Rxa4 60. Kxa4 Kd5 1/2-1/2

[Event "Druzynowe Mistrzostwa Polski Juniorow 2019 - II Liga"]
[Site "Szczyrk"]
[Date "1899-12-30"]
[Round "2.81"]
[White "Franek, Diana"]
[Black "Gradalski, Olaf"]
[Result "1/2-1/2"]
[WhiteTitle "I"]
[BlackTitle "II"]
[WhiteElo "1318"]
[BlackElo "1442"]

1. e4 e6 2. d4 d5 3. Nd2 c5 4. exd5 exd5 5. Ngf3 Nc6 6. Bb5 Bd6 7. O-O Nge7 8.
h3 O-O 9. dxc5 Bxc5 10. Nb3 Bd6 11. Be3 a6 12. Bd3 f5 13. Re1 h6 14. Bc5 f4 15.
Bf1 Kh8 16. Qd2 Bxc5 17. Nxc5 Qd6 18. Nd3 Bd7 19. Nde5 Nxe5 20. Rxe5 Rf5 21. Rae1
Nc6 22. Rxf5 Bxf5 23. c3 Rd8 24. Nd4 Nxd4 25. Qxd4 Kh7 26. Bd3 Qg6 27. Rd1 Bxd3
28. Qxd3 Qxd3 29. Rxd3 Kg6 30. Kf1 Kf5 31. Ke2 g5 32. Kd2 Ke5 33. Rd4 Kd6 34.
c4 Kc5 35. Rxd5+ Rxd5+ 36. cxd5 Kxd5 37. Kd3 b6 38. a3 b5 1/2-1/2